<?xml version="1.0" encoding="UTF-8"?>
<record
    xmlns:xsi="http://www.w3.org/2001/XMLSchema-instance"
    xsi:schemaLocation="http://www.loc.gov/MARC21/slim http://www.loc.gov/standards/marcxml/schema/MARC21slim.xsd"
    xmlns="http://www.loc.gov/MARC21/slim">

  <leader>02004nam a2200229 a 4500</leader>
  <controlfield tag="005">20240826134539.0</controlfield>
  <controlfield tag="008">      s2005||||ag 01 g   s  spaspa d</controlfield>
  <datafield tag="020" ind1=" " ind2=" ">
    <subfield code="a">9871154755</subfield>
  </datafield>
  <datafield tag="041" ind1=" " ind2=" ">
    <subfield code="a">spa</subfield>
  </datafield>
  <datafield tag="092" ind1=" " ind2=" ">
    <subfield code="c">863</subfield>
    <subfield code="l">98</subfield>
    <subfield code="s">ZAP</subfield>
  </datafield>
  <datafield tag="100" ind1="1" ind2=" ">
    <subfield code="a">Zapata, Alberto.</subfield>
    <subfield code="9">1215</subfield>
  </datafield>
  <datafield tag="245" ind1=" " ind2="3">
    <subfield code="a">30 a&#xF1;os despues.../</subfield>
    <subfield code="c">Alberto Zapata.</subfield>
  </datafield>
  <datafield tag="250" ind1=" " ind2=" ">
    <subfield code="a">1a ed.</subfield>
    <subfield code="b">Pr&#xF3;logo Vicente Zito Lema</subfield>
  </datafield>
  <datafield tag="260" ind1=" " ind2=" ">
    <subfield code="a">Neuquen: </subfield>
    <subfield code="b">EDUCO;</subfield>
    <subfield code="c">2005.</subfield>
  </datafield>
  <datafield tag="300" ind1=" " ind2=" ">
    <subfield code="a">163 p.</subfield>
    <subfield code="b">il.</subfield>
    <subfield code="c">21x15cm</subfield>
  </datafield>
  <datafield tag="500" ind1=" " ind2=" ">
    <subfield code="a">Zapata, A. (2005). 30 a&#xF1;os despu&#xE9;s. (1a ed.). Neuqu&#xE9;n : EDUCO.</subfield>
  </datafield>
  <datafield tag="505" ind1=" " ind2=" ">
    <subfield code="a">Se lo escuch&#xE9; decir al inolvidable Haroldo Conti, mientras camin&#xE1;bamos al borde de la ca&#xED;da de un sol de invierno por una playa de mar y discut&#xED;amos, tercos y apasionados, sobre el arte de escribir: se trata de pararse en el medio del camino, abrir el coraz&#xF3;n y contar, simplemente contar. As&#xED; dijo, y su mirada limpia se pos&#xF3; sobre el mar, como si el mar tambi&#xE9;n fuera un camino, o tal vez un destino donde alguien nos espera con los brazos abiertos. El tiempo corrido como un caballo salvaje, el dolor perdura en la memoria,y ahora otro amigo, Alberto Zapata, me entrega los originales de "30 a&#xF1;os despu&#xE9;s", a la par que un viento furioso y con tierra se obstina en recordarnos que estamos sobre los limites de una alta barda, en la plenitud patag&#xF3;nica. Hay aqu&#xED; un escribir que busca como destinatarios de su discurso -hecho con serena alegr&#xED;a, sin ret&#xF3;ricas ni vanidades- a quienes est&#xE1;n comprometidos con la vida. Una vida que demanda ser vivida en la plenitud de la conciencia, tejida con hilos amorosos, ba&#xF1;ada con las aguas de la justicia. Una vida que permita sentir como propio el dolor ajeno, pero tambi&#xE9;n propicia generar y brindar las tan necesarias pasiones dichosas. "30 a&#xF1;os despu&#xE9;s" desnuda los sue&#xF1;os de una generaci&#xF3;n que intento tocar el cielo con las manos. (As&#xED; de simple. As&#xED; de profundo).</subfield>
  </datafield>
  <datafield tag="590" ind1=" " ind2=" ">
    <subfield code="a">Proyecto 4to libro, donacion EDUCO,septiembre 2017.</subfield>
  </datafield>
  <datafield tag="653" ind1=" " ind2=" ">
    <subfield code="a">Literatura</subfield>
  </datafield>
  <datafield tag="930" ind1=" " ind2=" ">
    <subfield code="a">3901</subfield>
  </datafield>
  <datafield tag="942" ind1=" " ind2=" ">
    <subfield code="2">ddc</subfield>
    <subfield code="c">LIT</subfield>
  </datafield>
  <datafield tag="999" ind1=" " ind2=" ">
    <subfield code="c">2456</subfield>
    <subfield code="d">2456</subfield>
  </datafield>
  <datafield tag="952" ind1=" " ind2=" ">
    <subfield code="0">0</subfield>
    <subfield code="1">0</subfield>
    <subfield code="2">ddc</subfield>
    <subfield code="4">0</subfield>
    <subfield code="7">0</subfield>
    <subfield code="8">NFIC</subfield>
    <subfield code="a">BFM</subfield>
    <subfield code="b">BFM</subfield>
    <subfield code="c">CR</subfield>
    <subfield code="d">2017-09-19</subfield>
    <subfield code="l">0</subfield>
    <subfield code="o">808.8023 98 ZAP</subfield>
    <subfield code="p">3901</subfield>
    <subfield code="r">2017-09-19</subfield>
    <subfield code="t">Ej.1</subfield>
    <subfield code="w">2017-09-19</subfield>
    <subfield code="y">LIT</subfield>
    <subfield code="z">Proyecto 4to Libro. Donaci&#xF3;n Educo , Septiembre 2017</subfield>
  </datafield>
  <datafield tag="952" ind1=" " ind2=" ">
    <subfield code="0">0</subfield>
    <subfield code="1">0</subfield>
    <subfield code="2">ddc</subfield>
    <subfield code="4">0</subfield>
    <subfield code="7">0</subfield>
    <subfield code="8">NFIC</subfield>
    <subfield code="a">BFM</subfield>
    <subfield code="b">BFM</subfield>
    <subfield code="c">CR</subfield>
    <subfield code="d">2017-09-19</subfield>
    <subfield code="l">0</subfield>
    <subfield code="o">808.8023 98 ZAP</subfield>
    <subfield code="p">3902</subfield>
    <subfield code="r">2017-09-19</subfield>
    <subfield code="t">Ej.2</subfield>
    <subfield code="w">2017-09-19</subfield>
    <subfield code="y">LIT</subfield>
    <subfield code="z">Proyecto 4to Libro. Donaci&#xF3;n Educo , Septiembre 2017</subfield>
  </datafield>
</record>
